[Event "LSS CP-2009-P-00037"]
[Site "LSS email"]
[Date "2009.09.27"]
[Round "?"]
[White "Bontems, Cyrille"]
[Black "Fonseca Fonseca, Francisco Jose"]
[Result "1-0"]
[WhiteElo "1465"]
[BlackElo "1147"]
[PlyCount "33"]
[EventDate "2009.10.01"]
[EventType "tourn (corr)"]
[EventRounds "6"]
[EventCountry "GER"]
[SourceTitle "Telechess CBM 137"]
[Source "ChessBase"]
[SourceDate "2010.07.15"]
[SourceVersion "1"]
[SourceVersionDate "2010.07.15"]
[SourceQuality "1"]

1. e4 c5 2. Nf3 Nc6 3. d4 cxd4 4. Nxd4 e6 5. Nc3 d6 6. f4 Nf6 7. Be3 Be7 8. Qf3 0-0 9. 0-0-0 Qc7 10. Rg1 e5 11. Ndb5 Qb8 12. g4 a6 13. g5 Nd7 14. Na3 exf4 15. Qxf4 b5 16. Nd5 Bd8 17. Nf6+ 1-0

[Event "LSS CP-2009-P-00037"]
[Site "LSS email"]
[Date "2009.09.27"]
[Round "?"]
[White "Fonseca Fonseca, Francisco Jose"]
[Black "Isaacson, David"]
[Result "0-1"]
[WhiteElo "1144"]
[BlackElo "2108"]
[PlyCount "32"]
[EventDate "2009.10.01"]
[EventType "tourn (corr)"]
[EventRounds "6"]
[EventCountry "GER"]
[SourceTitle "Corr 2013"]
[Source "ChessBase"]
[SourceDate "2012.11.12"]
[SourceVersion "1"]
[SourceVersionDate "2012.11.12"]
[SourceQuality "1"]
[WhiteTeam "US of America"]
[BlackTeam "US of America"]
[WhiteTeamCountry "USA"]
[BlackTeamCountry "USA"]

1. d4 d5 2. Nf3 Nf6 3. Bf4 c5 4. e3 Nc6 5. Nc3 Bg4 6. Bb5 e6 7. h3 Bxf3 8. Qxf3 cxd4 9. exd4 Be7 10. Bxc6+ bxc6 11. 0-0 0-0 12. Rad1 c5 13. dxc5 Bxc5 14. Be5 Nd7 15. Bf4 Rc8 16. Qg3 Be7 0-1

[Event "LSS CP-2009-P-00037"]
[Site "LSS email"]
[Date "2009.09.27"]
[Round "?"]
[White "Fonseca Fonseca, Francisco Jose"]
[Black "Jedinger, Andreas"]
[Result "1-0"]
[WhiteElo "1152"]
[BlackElo "2208"]
[PlyCount "23"]
[EventDate "2009.10.01"]
[EventType "tourn (corr)"]
[EventRounds "6"]
[EventCountry "GER"]
[SourceTitle "Corr 2013"]
[Source "ChessBase"]
[SourceDate "2012.11.12"]
[SourceVersion "1"]
[SourceVersionDate "2012.11.12"]
[SourceQuality "1"]
[WhiteTeam "US of America"]
[BlackTeam "US of America"]
[WhiteTeamCountry "USA"]
[BlackTeamCountry "USA"]

1. e4 e5 2. Nf3 Nc6 3. Bb5 a6 4. Ba4 Nf6 5. 0-0 Be7 6. Re1 b5 7. Bb3 d6 8. c3 0-0 9. h3 Bb7 10. d4 Re8 11. Nbd2 Bf8 12. Bc2 1-0

[Event "LSS CP-2009-P-00037"]
[Site "LSS email"]
[Date "2009.09.27"]
[Round "?"]
[White "Fonseca Fonseca, Francisco Jose"]
[Black "Salzmann, Stefan"]
[Result "0-1"]
[WhiteElo "1144"]
[BlackElo "2114"]
[PlyCount "36"]
[EventDate "2009.10.01"]
[EventType "tourn (corr)"]
[EventRounds "6"]
[EventCountry "GER"]
[SourceTitle "Telechess CBM 137"]
[Source "ChessBase"]
[SourceDate "2010.07.15"]
[SourceVersion "1"]
[SourceVersionDate "2010.07.15"]
[SourceQuality "1"]

1. e4 e5 2. Nf3 Nc6 3. Bc4 Nf6 4. Ng5 d5 5. exd5 Na5 6. Bb5+ c6 7. dxc6 bxc6 8. Be2 h6 9. Nf3 e4 10. Ne5 Bc5 11. c3 Bd6 12. f4 exf3 13. Nxf3 0-0 14. 0-0 Re8 15. Na3 Qe7 16. Re1 Bg4 17. Nc2 Qc7 18. h3 Bxh3 0-1

[Event "LSS ZN-2009-0-00695"]
[Site "LSS email"]
[Date "2009.08.03"]
[Round "?"]
[White "Bester, Kazimierz"]
[Black "Fonseca Fonseca, Francisco Jose"]
[Result "0-1"]
[WhiteElo "652"]
[BlackElo "800"]
[PlyCount "52"]
[EventDate "2009.07.30"]
[EventType "match (corr)"]
[EventRounds "2"]
[EventCountry "GER"]
[SourceTitle "Telechess CBM 137"]
[Source "ChessBase"]
[SourceDate "2010.07.15"]
[SourceVersion "1"]
[SourceVersionDate "2010.07.15"]
[SourceQuality "1"]

1. c4 c5 2. Nf3 Nc6 3. d4 cxd4 4. Nxd4 Nf6 5. Bg5 Ne4 6. Be3 e5 7. Nf3 f5 8. a3 f4 9. Bc1 Qa5+ 10. Nbd2 Bc5 11. e3 Nxf2 12. Kxf2 fxe3+ 13. Ke2 exd2 14. Bxd2 Qd8 15. Bg5 Qc7 16. b4 Bd4 17. c5 Bxa1 18. Qxa1 d5 19. Nxe5 Qxe5+ 20. Qxe5+ Nxe5 21. Kd1 0-0 22. h3 Bd7 23. Be7 Rf2 24. Bd6 Ba4+ 25. Ke1 Ra2 26. Bxe5 Re8 0-1

[Event "LSS ZN-2009-0-00604"]
[Site "LSS email"]
[Date "2009.05.12"]
[Round "?"]
[White "Pecsi, Roland"]
[Black "Fonseca Fonseca, Francisco Jose"]
[Result "0-1"]
[WhiteElo "707"]
[BlackElo "1144"]
[PlyCount "26"]
[EventDate "2009.05.07"]
[EventType "match (corr)"]
[EventRounds "2"]
[EventCountry "GER"]
[SourceTitle "Corr 2015"]
[Source "ChessBase"]
[SourceDate "2015.07.17"]
[SourceVersion "1"]
[SourceVersionDate "2015.07.17"]
[SourceQuality "1"]

1. e4 c6 2. d4 d5 3. e5 c5 4. c3 Nc6 5. Nf3 Bg4 6. Nbd2 cxd4 7. cxd4 Qb6 8. h3 Bf5 9. Nb3 Nb4 10. Ke2 e6 11. Be3 Nc2 12. Rc1 Qb5+ 13. Kd2 Bb4# 0-1